Llibre del cens de la premsa local i comarcal : 1985 / elaboració: Gabinet de Premsa amb l'assessorament de Jaume Guillamet 1985 / elaboració:
ISBN:
84-505-4223-5
Descripción Física:
462 p. : il. ; 22 cm
Otros Autores:
Guillamet, Jaume
Materias:
Premsa -- Catalunya -- Bibliografia
MARC
| LEADER | 00000nam a2200000Ia 4500 | ||
|---|---|---|---|
| 001 | 2179 | ||
| 008 | 160829s1986 xx 000 0 cat d | ||
| 020 | |a 84-505-4223-5 | ||
| 080 | |a O-1-54 | ||
| 245 | |a Llibre del cens de la premsa local i comarcal : |b 1985 / elaboració: |b Gabinet de Premsa amb l'assessorament de Jaume Guillamet | ||
| 260 | |a Barcelona : |b Diputació de Barcelona, |c 1986 | ||
| 300 | |a 462 p. : |b il. ; |c 22 cm | ||
| 590 | |a Conté les portades dels diaris | ||
| 650 | |a Premsa |x Catalunya |x Bibliografia |9 22121 | ||
| 700 | |a Guillamet, Jaume |9 35625 | ||
| 710 | 1 | |a Barcelona (Catalunya : Província). |b Gabinet de Premsa i Comunicació |9 51838 | |
| 901 | |a Arxiu | ||
| 942 | |n 1 | ||
| 952 | |0 0 |1 0 |4 0 |6 O154 |7 1 |9 42069 |a Arxiu |b Arxiu |d 2016-12-01 |l 0 |o O-1-54 |p 2179 |r 2016-12-01 00:00:00 |w 2016-12-01 |y ARXIU | ||
| 999 | |c 44516 |d 44516 | ||